[Event "DEM U18w 2011"]
[Site "Oberhof GER"]
[Date "2011.06.15"]
[Round "6"]
[White "Garny, Annica"]
[Black "Oberpriller, Katharina"]
[Result "1/2-1/2"]
[Termination "normal"]
[Board "9"]
[WhiteElo "1783"]
[BlackElo "1616"]
[PlyCount "57"]
[WhiteFideId "24600660"]
[EventCountry "GER"]
[EventRounds "9"]
[EventType "swiss"]
[EventDate "2011.06.11"]

1. e4 c6 2. d4 d5 3. e5 c5 4. Nc3 Nc6 5. Be3 cxd4 6. Bxd4 Nxd4 7. Qxd4 e6 8.
O-O-O Ne7 9. Nf3 Nc6 10. Qf4 a6 11. Be2 Qc7 12. h4 h6 13. g4 Bc5 14. g5 Bd7 15.
gxh6 Rxh6 16. Rhg1 Bf8 17. Rg4 O-O-O 18. Qe3 Rh5 19. Rg5 Rxg5 20. hxg5 Be7 21.
Na4 Kb8 22. Nc5 Nb4 23. Nxd7+ Rxd7 24. Qb3 Ka7 25. a3 Rd8 26. Rd3 Rc8 27. Rc3
Qd8 28. Rd3 Qc7 29. Rc3 1/2-1/2

[Event "DEM U18w 2011"]
[Site "Oberhof GER"]
[Date "2011.06.15"]
[Round "6"]
[White "Beier, Nina"]
[Black "Kölbl, Ines"]
[Result "0-1"]
[Termination "normal"]
[Board "10"]
[WhiteElo "1521"]
[BlackElo "1808"]
[PlyCount "72"]
[WhiteFideId "24660434"]
[BlackFideId "24697052"]
[EventCountry "GER"]
[EventRounds "9"]
[EventType "swiss"]
[EventDate "2011.06.11"]

1. e4 c6 2. d4 d6 3. Nc3 Qc7 4. Be3 e5 5. dxe5 dxe5 6. Bc4 Nf6 7. f3 Bb4 8.
Nge2 O-O 9. O-O b5 10. Bb3 Ba6 11. Re1 Nbd7 12. Qc1 Rad8 13. Bf2 Rfe8 14. Qg5
h6 15. Qg3 Nc5 16. a3 Nxb3 17. cxb3 Ba5 18. Kh1 Bb6 19. Bxb6 Qxb6 20. Red1 b4
21. axb4 Bxe2 22. Nxe2 Rxd1+ 23. Rxd1 Qxb4 24. Rd3 Qb5 25. Nc1 Nd7 26. Qe1 Nc5
27. Rc3 Rd8 28. h3 a5 29. Qg1 Ne6 30. Qf2 Rd1+ 31. Kh2 Rf1 32. Qd2 Qb6 33. Re3
Nf4 34. Ne2 Rf2 35. Kg3 Rxg2+ 36. Kh4 g5# 0-1

[Event "DEM U18w 2011"]
[Site "Oberhof GER"]
[Date "2011.06.15"]
[Round "6"]
[White "Falke, Cynthia"]
[Black "Blübaum, Johanna"]
[Result "0-1"]
[Termination "normal"]
[Board "11"]
[WhiteElo "1681"]
[BlackElo "1998"]
[PlyCount "146"]
[WhiteFideId "24600644"]
[BlackFideId "24647373"]
[EventCountry "GER"]
[EventRounds "9"]
[EventType "swiss"]
[EventDate "2011.06.11"]

1. e4 e6 2. d4 d5 3. exd5 exd5 4. Bd3 Nc6 5. c3 Bd6 6. Ne2 Nge7 7. Bf4 Bf5 8.
O-O O-O 9. Bxf5 Nxf5 10. Nd2 Re8 11. Nf3 Bxf4 12. Nxf4 Qd6 13. Qd2 Re4 14. Ne2
Rae8 15. Rae1 h6 16. Ng3 Nxg3 17. fxg3 R8e6 18. Nh4 Qe7 19. Nf3 g5 20. Rxe4
Rxe4 21. Re1 f6 22. Kf2 Kg7 23. Qc1 Nd8 24. Nd2 Re6 25. Rxe6 Qxe6 26. Qc2 Nf7
27. Qd1 Nd6 28. g4 c6 29. Qe2 Kf7 30. h3 Nc8 31. Qxe6+ Kxe6 32. Ke3 Ne7 33. Nf1
Ng6 34. g3 Ne7 35. Kf3 Nc8 36. Nd2 Nd6 37. Ke3 f5 38. gxf5+ Nxf5+ 39. Kf3 b6
40. Nf1 c5 41. dxc5 bxc5 42. Ne3 Nd6 43. Kg4 Ne4 44. h4 Ke5 45. Nf1 d4 46.
cxd4+ cxd4 47. Kh5 d3 48. Kxh6 Nxg3 49. hxg5 Nxf1 50. g6 d2 51. g7 d1=Q 52.
g8=Q Qd6+ 53. Kh5 Qd1+ 54. Kh4 Qe1+ 55. Kh5 Ng3+ 56. Kg4 Qd1+ 57. Kh3 Qf1+ 58.
Kg4 Qf4+ 59. Kh3 Qf1+ 60. Kg4 Qf4+ 61. Kh3 Nf5 62. Qh8+ Ke4 63. Qa8+ Kd3 64.
Qd5+ Nd4 65. Qd8 Qe3+ 66. Kh4 Qf2+ 67. Kh5 Qxb2 68. a4 Qh2+ 69. Kg4 Qg1+ 70.
Kh4 Qe1+ 71. Kg5 Qe5+ 72. Kh4 Ke3 73. Qg8 Qh2+ 0-1

[Event "DEM U18w 2011"]
[Site "Oberhof GER"]
[Date "2011.06.15"]
[Round "6"]
[White "Maiwald, Anja"]
[Black "Bauersfeld, Jasmin"]
[Result "1-0"]
[Termination "normal"]
[Board "12"]
[WhiteElo "1483"]
[BlackElo "1182"]
[PlyCount "73"]
[EventCountry "GER"]
[EventRounds "9"]
[EventType "swiss"]
[EventDate "2011.06.11"]

1. Nf3 Nf6 2. d4 g6 3. Bf4 Bg7 4. e3 d6 5. Be2 O-O 6. O-O Nbd7 7. c4 Re8 8. Nc3
e5 9. dxe5 dxe5 10. Nxe5 Nxe5 11. Qxd8 Rxd8 12. Bxe5 c6 13. Rad1 Bf5 14. Rd4 c5
15. Rxd8+ Rxd8 16. Rd1 Rxd1+ 17. Bxd1 Be6 18. b3 b6 19. e4 Kf8 20. f4 Ng4 21.
Bxg7+ Kxg7 22. Nd5 Nf6 23. Bf3 Bxd5 24. cxd5 Kf8 25. e5 Nd7 26. Kf2 Ke7 27. Ke3
f6 28. Ke4 a6 29. g4 a5 30. d6+ Kd8 31. e6 Nb8 32. Kd5 Ke8 33. Be2 Kd8 34. e7+
Ke8 35. Bb5+ Nd7 36. Ke6 f5 37. Bxd7# 1-0

[Event "DEM U18w 2011"]
[Site "Oberhof GER"]
[Date "2011.06.16"]
[Round "7"]
[White "Bochis, Julia"]
[Black "Nguyen Minh, Thuy"]
[Result "0-1"]
[Termination "normal"]
[Board "1"]
[WhiteTitle "FM"]
[WhiteElo "2128"]
[BlackElo "1937"]
[PlyCount "84"]
[WhiteFideId "24647276"]
[BlackFideId "24672688"]
[EventCountry "GER"]
[EventRounds "9"]
[EventType "swiss"]
[EventDate "2011.06.11"]

1. e4 c5 2. Nf3 Nf6 3. Nc3 d5 4. e5 Nfd7 5. e6 fxe6 6. d4 c4 7. g3 Nf6 8. h4
Nc6 9. Bh3 Qb6 10. Kf1 a6 11. Kg2 g6 12. Na4 Qa7 13. Bf4 Ne4 14. Ng5 Nxg5 15.
hxg5 Bg7 16. c3 O-O 17. b4 e5 18. dxe5 Bxh3+ 19. Rxh3 Rad8 20. Be3 Qb8 21. f4
Qc8 22. Qd2 Qf5 23. Bd4 Qe4+ 24. Kh2 Nxd4 25. cxd4 Qf5 26. Nc3 e6 27. Rh1 Rf7
28. Nd1 Rc7 29. g4 Qxg4 30. Nf2 Qf5 31. Kg3 Bf8 32. Ng4 c3 33. Qe3 Rdc8 34.
Nf6+ Kf7 35. Rc1 c2 36. Kf2 Rc3 37. Qxc3 Rxc3 38. Rxc3 Qxf4+ 39. Rf3 Qxc1 40.
Nxh7+ Ke7 41. Nxf8 Qd2+ 42. Kg3 Qxg5+ 0-1

[Event "DEM U18w 2011"]
[Site "Oberhof GER"]
[Date "2011.06.16"]
[Round "7"]
[White "Sancar, Alina"]
[Black "Stitterich, Nadine"]
[Result "1/2-1/2"]
[Termination "normal"]
[Board "2"]
[WhiteElo "1795"]
[BlackElo "2015"]
[PlyCount "160"]
[WhiteFideId "4624750"]
[BlackFideId "24676527"]
[EventCountry "GER"]
[EventRounds "9"]
[EventType "swiss"]
[EventDate "2011.06.11"]

1. e4 c5 2. Nf3 e6 3. d4 cxd4 4. Nxd4 a6 5. g3 Nc6 6. Bg2 Qc7 7. Nc3 d6 8. O-O
Bd7 9. Re1 Be7 10. Nxc6 Bxc6 11. Qg4 h5 12. Qe2 Bf6 13. Nd5 Bxd5 14. exd5 e5
15. c4 h4 16. b3 hxg3 17. hxg3 Ne7 18. Bb2 Kf8 19. Rac1 Nf5 20. Qg4 Nd4 21.
Bxd4 exd4 22. Re4 g6 23. Qe2 Kg7 24. Re1 Qa5 25. Qc2 Rac8 26. Qb1 Qb4 27. Rd1
b5 28. cxb5 axb5 29. Re2 Rc3 30. Rc2 Rhc8 31. Rxc3 dxc3 32. Qc2 Qa3 33. Be4 Ra8
34. Ra1 b4 35. Kf1 Re8 36. Re1 Ra8 37. Re2 Rh8 38. Kg2 Qa6 39. Re1 Ra8 40. Re2
Rh8 41. Re1 Qc8 42. Rh1 Rxh1 43. Kxh1 Bd4 44. Kg2 f5 45. Bd3 Qc5 46. Bc4 Bxf2
47. Qe2 Qe3 48. Qxe3 Bxe3 49. Bd3 Kf6 50. Kf3 Bh6 51. g4 Ke5 52. gxf5 gxf5 53.
Bc2 Bd2 54. Bb1 f4 55. Be4 Kd4 56. Bc2 Kxd5 57. Be4+ Kd4 58. Bc2 d5 59. Bb1 c2
60. Bxc2 Kc3 61. Bf5 Kb2 62. Be6 d4 63. Ke4 Be3 64. Kd3 f3 65. Kc4 Kxa2 66.
Kxb4 d3 67. Kc3 d2 68. Kc2 Ka3 69. Bc4 Kb4 70. Bf1 Bf4 71. Bc4 Kc5 72. Bf1 Kd4
73. b4 Ke3 74. Kd1 Kf2 75. Bc4 Kg1 76. b5 Kf2 77. b6 Ke3 78. b7 Bb8 79. Ba6 f2
80. Bf1 Ba7 1/2-1/2

[Event "DEM U18w 2011"]
[Site "Oberhof GER"]
[Date "2011.06.16"]
[Round "7"]
[White "Sonnhalter, Stella"]
[Black "Schulz, Anja"]
[Result "0-1"]
[Termination "normal"]
[Board "3"]
[WhiteElo "1748"]
[BlackElo "2087"]
[PlyCount "76"]
[WhiteFideId "4624815"]
[BlackFideId "24647845"]
[EventCountry "GER"]
[EventRounds "9"]
[EventType "swiss"]
[EventDate "2011.06.11"]

1. e4 c5 2. Nf3 Nc6 3. d4 cxd4 4. Nxd4 e5 5. Nb5 d6 6. N1c3 a6 7. Na3 Be7 8.
Nc4 b5 9. Ne3 Nf6 10. f3 O-O 11. Be2 Be6 12. O-O Qb6 13. Kh1 Rac8 14. Ncd5 Bxd5
15. Nxd5 Nxd5 16. exd5 Na5 17. Qd3 Qc7 18. c3 f5 19. a4 Nb3 20. Ra3 Nc5 21. Qd2
Nxa4 22. c4 Rb8 23. cxb5 axb5 24. Bxb5 Rxb5 25. Rxa4 Rc8 26. Qd3 Rb7 27. g3 Qc2
28. Qxc2 Rxc2 29. b4 Rb5 30. Rd1 Rf2 31. f4 e4 32. Kg1 Re2 33. h3 h5 34. Ba3
Ra2 35. g4 hxg4 36. hxg4 fxg4 37. Rd4 e3 38. Re4 Rxd5 0-1

[Event "DEM U18w 2011"]
[Site "Oberhof GER"]
[Date "2011.06.16"]
[Round "7"]
[White "Dorn, Carina"]
[Black "Lehmann, Patricia"]
[Result "1-0"]
[Termination "normal"]
[Board "4"]
[WhiteElo "1900"]
[BlackElo "1522"]
[PlyCount "73"]
[WhiteFideId "24666335"]
[BlackFideId "12900060"]
[EventCountry "GER"]
[EventRounds "9"]
[EventType "swiss"]
[EventDate "2011.06.11"]

1. d4 Nf6 2. c4 g6 3. Nc3 Bg7 4. e4 d6 5. Nf3 O-O 6. h3 e5 7. d5 Nbd7 8. Bg5 h6
9. Be3 Nh5 10. Nh2 Kh7 11. g3 Re8 12. Be2 Nhf6 13. g4 Ng8 14. Qd2 Nc5 15. O-O-O
a5 16. Rdg1 g5 17. h4 f6 18. Nf1 Kg6 19. Ng3 Kf7 20. Nf5 Bf8 21. hxg5 Bxf5 22.
gxf5 fxg5 23. Bh5+ Ke7 24. Bxe8 Kxe8 25. Rh3 Nd7 26. f4 exf4 27. Bxf4 Kf7 28.
Be3 Ne5 29. Qe2 g4 30. Rhh1 Qf6 31. Kb1 a4 32. Bd4 a3 33. Bxe5 Qxe5 34. Qxg4
Bg7 35. Qg6+ Kf8 36. f6 Qxf6 37. Rf1 1-0

[Event "DEM U18w 2011"]
[Site "Oberhof GER"]
[Date "2011.06.16"]
[Round "7"]
[White "Carow, Annelen"]
[Black "Kölbl, Ines"]
[Result "1-0"]
[Termination "normal"]
[Board "5"]
[WhiteElo "1860"]
[BlackElo "1808"]
[PlyCount "30"]
[WhiteFideId "24692492"]
[BlackFideId "24697052"]
[EventCountry "GER"]
[EventRounds "9"]
[EventType "swiss"]
[EventDate "2011.06.11"]

1. d4 c6 2. c4 d6 3. e4 Nd7 4. Nc3 e5 5. Nge2 Ngf6 6. f3 Be7 7. Be3 O-O 8. Qd2
a6 9. Ng3 b5 10. Nf5 Nb6 11. Nxe7+ Qxe7 12. dxe5 Nxc4 13. exf6 Qxf6 14. Bxc4
bxc4 15. O-O Rd8 1-0

[Event "DEM U18w 2011"]
[Site "Oberhof GER"]
[Date "2011.06.16"]
[Round "7"]
[White "Stark, Saskia"]
[Black "Evers, Annika"]
[Result "1-0"]
[Termination "normal"]
[Board "6"]
[WhiteElo "2019"]
[BlackElo "1675"]
[PlyCount "67"]
[WhiteFideId "4601050"]
[BlackFideId "24691933"]
[EventCountry "GER"]
[EventRounds "9"]
[EventType "swiss"]
[EventDate "2011.06.11"]

1. e4 d5 2. exd5 Qxd5 3. Nc3 Qa5 4. d4 Nf6 5. Bd2 Nc6 6. Bb5 Qb4 7. Bxc6+ bxc6
8. Nf3 Ba6 9. Nd5 Qd6 10. Nb4 Bb7 11. Nd3 Nd7 12. O-O O-O-O 13. Ng5 Qg6 14. Qf3
f5 15. Qg3 h6 16. Nf3 Qxg3 17. hxg3 c5 18. Bc3 e6 19. dxc5 Ba6 20. Rfe1 Bxd3
21. cxd3 Nxc5 22. d4 Ne4 23. Ne5 Nd6 24. Ng6 Rg8 25. Rxe6 Ne4 26. Re5 Kd7 27.
Rxf5 Ke6 28. Re5+ Kf6 29. Nxf8 Nxc3 30. Ne6 Rd6 31. Nxc7 Rxd4 32. Re6+ Kf7 33.
Ra6 Ra4 34. bxc3 1-0

[Event "DEM U18w 2011"]
[Site "Oberhof GER"]
[Date "2011.06.16"]
[Round "7"]
[White "Gordeeva, Vitalia"]
[Black "Sturm, Johanna"]
[Result "0-1"]
[Termination "normal"]
[Board "7"]
[WhiteElo "1709"]
[BlackElo "1606"]
[PlyCount "61"]
[WhiteFideId "24688053"]
[BlackFideId "12909904"]
[EventCountry "GER"]
[EventRounds "9"]
[EventType "swiss"]
[EventDate "2011.06.11"]

1. e4 e5 2. Nf3 Nc6 3. Bb5 d6 4. d4 Bd7 5. O-O Nf6 6. Nc3 Be7 7. Re1 exd4 8.
Nxd4 O-O 9. Bxc6 bxc6 10. Qf3 Re8 11. Bf4 Qc8 12. Rad1 Bg4 13. Qd3 Bxd1 14.
Rxd1 Qg4 15. Bg3 Bd8 16. f3 Qd7 17. Nb3 Qe7 18. Qa6 Nd7 19. e5 dxe5 20. Qxc6
Nb6 21. Nc5 Rb8 22. Na6 Rc8 23. Nc5 Rf8 24. a4 Qf6 25. Qe4 Be7 26. Nd3 Bd6 27.
Bxe5 Bxe5 28. Nxe5 Rfe8 29. Re1 Qd6 30. Nb5 Qc5+ 31. Qe3 0-1

[Event "DEM U18w 2011"]
[Site "Oberhof GER"]
[Date "2011.06.16"]
[Round "7"]
[White "Begeluri, Nino"]
[Black "Rogasch, Miriam"]
[Result "1-0"]
[Termination "normal"]
[Board "9"]
[WhiteElo "1843"]
[BlackElo "1795"]
[PlyCount "62"]
[BlackFideId "4616324"]
[EventCountry "GER"]
[EventRounds "9"]
[EventType "swiss"]
[EventDate "2011.06.11"]

1. e4 e5 2. Nf3 Nc6 3. Bc4 Nf6 4. d3 Be7 5. O-O d6 6. a4 Bg4 7. Nbd2 O-O 8. Re1
Qd7 9. c3 Rfe8 10. Qb3 Bf8 11. a5 a6 12. Ng5 Be6 13. Nxe6 fxe6 14. Qd1 d5 15.
Bb3 Rad8 16. Qf3 Bc5 17. Qh3 Kh8 18. Nf3 dxe4 19. dxe4 h6 20. Ng5 Rf8 21. Be3
Bxe3 22. Rxe3 Nxa5 23. Bxe6 Qd1+ 24. Re1 Qd2 25. Nf7+ Kh7 26. Nxd8 Nxe4 27.
Bf5+ Kh8 28. Rxe4 Rxd8 29. Rxe5 Nc4 30. Ree1 Qxb2 31. Qh4 Qxc3 1-0

[Event "DEM U18w 2011"]
[Site "Oberhof GER"]
[Date "2011.06.16"]
[Round "7"]
[White "Velina, Valeria"]
[Black "Maiwald, Anja"]
[Result "1/2-1/2"]
[Termination "normal"]
[Board "10"]
[WhiteElo "1751"]
[BlackElo "1483"]
[PlyCount "63"]
[WhiteFideId "24677345"]
[EventCountry "GER"]
[EventRounds "9"]
[EventType "swiss"]
[EventDate "2011.06.11"]

1. e4 d5 2. exd5 Qxd5 3. Nc3 Qa5 4. d4 Nf6 5. h3 Bf5 6. Bc4 c6 7. Nf3 e6 8. O-O
Nbd7 9. Re1 Bb4 10. Bd2 O-O-O 11. a3 Bxc3 12. Bxc3 Qc7 13. b4 Nd5 14. Bd2 h6
15. Bb3 g5 16. g4 Bg6 17. Bxd5 exd5 18. Ne5 Nxe5 19. dxe5 Rde8 20. Bc3 Re6 21.
Qd2 h5 22. Re2 hxg4 23. hxg4 f6 24. f3 fxe5 25. Rae1 Rhe8 26. Qxg5 Qf7 27. Rxe5
Bxc2 28. Rxe6 Rxe6 29. Rxe6 Qxe6 30. Qe5 Qg6 31. Qh8+ Kd7 32. Qg7+ 1/2-1/2

[Event "DEM U18w 2011"]
[Site "Oberhof GER"]
[Date "2011.06.16"]
[Round "7"]
[White "Oberpriller, Katharina"]
[Black "Falke, Cynthia"]
[Result "0-1"]
[Termination "normal"]
[Board "11"]
[WhiteElo "1616"]
[BlackElo "1681"]
[PlyCount "48"]
[BlackFideId "24600644"]
[EventCountry "GER"]
[EventRounds "9"]
[EventType "swiss"]
[EventDate "2011.06.11"]

1. d4 d5 2. c4 e6 3. Nc3 Nf6 4. Nf3 c6 5. e3 Bd6 6. Qc2 Nbd7 7. b3 Qe7 8. Be2
dxc4 9. bxc4 e5 10. O-O O-O 11. a4 Re8 12. Rd1 Nf8 13. Bb2 Ng6 14. Nd2 Bb4 15.
Bd3 exd4 16. exd4 Nf4 17. Nf3 Bg4 18. Re1 Qd6 19. Rxe8+ Rxe8 20. Na2 Bxf3 21.
gxf3 Ba5 22. Bc3 Bc7 23. Bxh7+ Nxh7 24. Qf5 Ne2+ 0-1

[Event "DEM U18w 2011"]
[Site "Oberhof GER"]
[Date "2011.06.16"]
[Round "7"]
[White "Bauersfeld, Jasmin"]
[Black "Beier, Nina"]
[Result "0-1"]
[Termination "normal"]
[Board "12"]
[WhiteElo "1182"]
[BlackElo "1521"]
[PlyCount "122"]
[BlackFideId "24660434"]
[EventCountry "GER"]
[EventRounds "9"]
[EventType "swiss"]
[EventDate "2011.06.11"]

1. c4 e5 2. e4 c5 3. Nc3 d6 4. Nge2 Nc6 5. g3 Be7 6. Bg2 Bd7 7. d3 Nf6 8. a3 h6
9. Rb1 a5 10. O-O O-O 11. f4 exf4 12. gxf4 Qc8 13. f5 Ne5 14. h3 Rb8 15. a4 Kh7
16. Nf4 g6 17. Nfd5 Bd8 18. Qd2 Ng8 19. f6 Re8 20. Ne7 Bxe7 21. fxe7 Rxe7 22.
Nd5 Re6 23. h4 Qd8 24. Rf4 g5 25. hxg5 Qxg5 26. Rf5 Qxd2 27. Bxd2 Rg6 28. Kf2
Bxf5 29. exf5 Nxd3+ 30. Kf1 Rg4 31. Bf3 Rg3 32. Be2 Ne5 33. Bf4 Rh3 34. Kg2 Rh4
35. Kg3 Rxf4 36. Nxf4 Nf6 37. Kf2 Rd8 38. Rg1 d5 39. cxd5 Nxd5 40. Nh5 Rg8 41.
Rd1 Rd8 42. Rg1 Rd6 43. Bb5 Nf6 44. Rg7+ Kh8 45. Nxf6 Rxf6 46. Rg3 Rxf5+ 47.
Ke2 Rg5 48. Re3 Kg7 49. Kd2 h5 50. Ke2 h4 51. Kf1 f6 52. Rh3 Rh5 53. Kf2 f5 54.
Ke3 Kf6 55. Kf4 Ng6+ 56. Ke3 f4+ 57. Kf2 Kg5 58. Be8 Rh8 59. Bb5 Ne5 60. Be2
Ng4+ 61. Kf3 Re8 0-1

[Event "DEM U18w 2011"]
[Site "Oberhof GER"]
[Date "2011.06.17"]
[Round "8"]
[White "Nguyen Minh, Thuy"]
[Black "Schulz, Anja"]
[Result "0-1"]
[Termination "normal"]
[Board "1"]
[WhiteElo "1937"]
[BlackElo "2087"]
[PlyCount "84"]
[WhiteFideId "24672688"]
[BlackFideId "24647845"]
[EventCountry "GER"]
[EventRounds "9"]
[EventType "swiss"]
[EventDate "2011.06.11"]

1. d4 Nf6 2. c4 c5 3. d5 b5 4. Nd2 Qa5 5. Qc2 g6 6. e4 d6 7. Ngf3 Bg7 8. Be2
bxc4 9. O-O O-O 10. Nxc4 Qc7 11. Rd1 Bb7 12. Bd2 Nbd7 13. Na5 Rab8 14. Rab1
Rfc8 15. Nxb7 Qxb7 16. Bc3 Nb6 17. a4 a6 18. Ne1 Nfd7 19. f4 Nf8 20. Nf3 e6 21.
Bxg7 Kxg7 22. a5 Nbd7 23. dxe6 Nxe6 24. Rxd6 c4 25. g3 Ndc5 26. Nd2 Qa7 27. Kg2
Nb3 28. Qc3+ Kg8 29. e5 Nbd4 30. Qe3 Qb7+ 31. Bf3 Nxf3 32. Qxf3 Qb4 33. Qc3
Qb7+ 34. Qf3 Qb4 35. Qc3 Qb7+ 36. Kh3 h5 37. Nxc4 Nxf4+ 38. gxf4 Rxc4 39. Qe3
Rc2 40. Qg3 Qe4 41. Kh4 Rg2 42. Re1 Rxg3 0-1

[Event "DEM U18w 2011"]
[Site "Oberhof GER"]
[Date "2011.06.17"]
[Round "8"]
[White "Carow, Annelen"]
[Black "Bochis, Julia"]
[Result "0-1"]
[Termination "normal"]
[Board "3"]
[BlackTitle "FM"]
[WhiteElo "1860"]
[BlackElo "2128"]
[PlyCount "90"]
[WhiteFideId "24692492"]
[BlackFideId "24647276"]
[EventCountry "GER"]
[EventRounds "9"]
[EventType "swiss"]
[EventDate "2011.06.11"]

1. d4 d6 2. c4 e5 3. d5 g6 4. e4 Nd7 5. Nc3 a5 6. Be3 Ngf6 7. f3 Bg7 8. Qd2 O-O
9. Nge2 Nc5 10. g4 Bxg4 11. Bg2 Bd7 12. O-O-O Qb8 13. Kb1 b5 14. Nxb5 Bxb5 15.
cxb5 Qxb5 16. Nc3 Qb4 17. Ne2 Qb6 18. Rc1 Rfb8 19. Bxc5 dxc5 20. Rc2 Ne8 21.
Bh3 Nd6 22. Bd7 a4 23. a3 Qb3 24. Qc3 c4 25. Nc1 Qb6 26. Na2 c5 27. Qd2 Ra5 28.
Nc3 Qa7 29. Bc6 h5 30. Qf2 Bh6 31. Re1 Rb3 32. Ka1 Kg7 33. Ree2 Bf4 34. Qg1 Nc8
35. Qf2 Qa6 36. Bxa4 Rxa4 37. Nxa4 Qxa4 38. Qxc5 Nb6 39. Ka2 Rb5 40. Qc7 Qb3+
41. Ka1 Qxf3 42. d6 Qd3 43. Qc6 Rb3 44. Qc5 c3 45. Qc6 Nc4 0-1

[Event "DEM U18w 2011"]
[Site "Oberhof GER"]
[Date "2011.06.17"]
[Round "8"]
[White "Lehmann, Patricia"]
[Black "Blübaum, Johanna"]
[Result "1-0"]
[Termination "normal"]
[Board "6"]
[WhiteElo "1522"]
[BlackElo "1998"]
[PlyCount "105"]
[WhiteFideId "12900060"]
[BlackFideId "24647373"]
[EventCountry "GER"]
[EventRounds "9"]
[EventType "swiss"]
[EventDate "2011.06.11"]

1. d4 Nf6 2. Nf3 c5 3. d5 d6 4. Nc3 g6 5. e4 Bg7 6. Bc4 a6 7. a4 O-O 8. O-O b6
9. Re1 Nbd7 10. h3 Ne8 11. Bf4 Nc7 12. Qd2 Re8 13. e5 Nxe5 14. Nxe5 dxe5 15.
Bxe5 Bb7 16. Bxg7 Kxg7 17. Rad1 Qd7 18. Qf4 b5 19. d6 bxc4 20. dxc7 Qc6 21. f3
e5 22. Qxc4 Qxc7 23. Ne4 Bxe4 24. Rxe4 Red8 25. Ree1 Qb6 26. b3 Rd6 27. Rxd6
Qxd6 28. Qe2 Re8 29. Kh1 e4 30. fxe4 Qg3 31. Qe3 Qe5 32. Qd3 Re6 33. Rd1 Qf4
34. Qc3+ Qf6 35. Qxf6+ Kxf6 36. Rd5 c4 37. Rd4 cxb3 38. cxb3 Ke5 39. Rd7 Kf6
40. Ra7 Rb6 41. Kg1 Rxb3 42. Rxa6+ Ke5 43. Ra7 Kxe4 44. Rxf7 Ra3 45. Rxh7 Kf5
46. Ra7 Ra2 47. Kh2 Ra3 48. a5 Kg5 49. a6 Ra2 50. Ra8 Ra3 51. a7 Ra2 52. h4+
Kg4 53. h5 1-0

[Event "DEM U18w 2011"]
[Site "Oberhof GER"]
[Date "2011.06.17"]
[Round "8"]
[White "Evers, Annika"]
[Black "Begeluri, Nino"]
[Result "1/2-1/2"]
[Termination "normal"]
[Board "7"]
[WhiteElo "1675"]
[BlackElo "1843"]
[PlyCount "149"]
[WhiteFideId "24691933"]
[EventCountry "GER"]
[EventRounds "9"]
[EventType "swiss"]
[EventDate "2011.06.11"]

1. e4 e5 2. Nf3 Nc6 3. Bc4 Nf6 4. d3 Be7 5. O-O O-O 6. Re1 d6 7. c3 Bg4 8. Nbd2
Kh8 9. Bb3 Ng8 10. Nf1 f5 11. Be6 Rf6 12. Bxf5 Bxf5 13. exf5 Rxf5 14. Ne3 Rf8
15. Nd5 Nf6 16. Nxe7 Nxe7 17. Ng5 Qc8 18. Qb3 Ned5 19. c4 Nb6 20. a4 h6 21. Nf3
Nbd7 22. d4 exd4 23. Nxd4 Nc5 24. Qc2 Re8 25. Be3 Ng4 26. Bd2 Rf8 27. f3 Ne5
28. Re3 Rf4 29. Rxe5 dxe5 30. Bxf4 exd4 31. b4 Ne6 32. Be5 c5 33. b5 Qd7 34.
Qg6 Kg8 35. Re1 Qf7 36. Qe4 Rd8 37. a5 Ng5 38. Qd3 Re8 39. Bg3 Rxe1+ 40. Bxe1
Qe6 41. Kf2 Nf7 42. Qe4 Qxe4 43. fxe4 Nd6 44. Kf3 Nxc4 45. a6 b6 46. Bg3 Na3
47. e5 Nxb5 48. e6 Kf8 49. Be5 c4 50. Ke4 d3 51. Ke3 Ke7 52. Bxg7 h5 53. Bh6
Kxe6 54. Bf4 Kf5 55. h3 Ke6 56. g4 hxg4 57. hxg4 Nd6 58. g5 b5 59. g6 Ne8 60.
Bb8 Kf6 61. Bxa7 Nc7 62. Bd4+ Kxg6 63. a7 Kf7 64. Bc3 Ke7 65. Kd4 Kd6 66. Ba5
Na8 67. Bb4+ Kc6 68. Ba5 Kb7 69. Kc5 Ka6 70. Bd2 Nb6 71. Kc6 Kxa7 72. Kxb5 Kb7
73. Ba5 Kc7 74. Bxb6+ Kd6 75. Ba5 1/2-1/2

[Event "DEM U18w 2011"]
[Site "Oberhof GER"]
[Date "2011.06.17"]
[Round "8"]
[White "Kölbl, Ines"]
[Black "Velina, Valeria"]
[Result "1-0"]
[Termination "normal"]
[Board "8"]
[WhiteElo "1808"]
[BlackElo "1751"]
[PlyCount "63"]
[WhiteFideId "24697052"]
[BlackFideId "24677345"]
[EventCountry "GER"]
[EventRounds "9"]
[EventType "swiss"]
[EventDate "2011.06.11"]

1. d4 d5 2. Nf3 Nf6 3. c4 dxc4 4. Nc3 Bg4 5. e3 e6 6. h3 Bh5 7. Bxc4 Bd6 8. e4
Bb4 9. Bg5 Bxf3 10. gxf3 Be7 11. Rg1 g6 12. Qd2 a6 13. O-O-O Nc6 14. d5 Ne5 15.
Be2 exd5 16. Qf4 Ned7 17. Nxd5 Nxd5 18. Rxd5 Bxg5 19. Rgxg5 Qf6 20. Qxc7 Qc6+
21. Qxc6 bxc6 22. Rd6 Nb8 23. Re5+ Kf8 24. Rd8+ Kg7 25. Rxh8 Kxh8 26. Re8+ Kg7
27. Bc4 f6 28. f4 h6 29. Rg8+ Kh7 30. e5 f5 31. e6 Kxg8 32. e7+ 1-0

[Event "DEM U18w 2011"]
[Site "Oberhof GER"]
[Date "2011.06.17"]
[Round "8"]
[White "Maiwald, Anja"]
[Black "Gordeeva, Vitalia"]
[Result "0-1"]
[Termination "normal"]
[Board "9"]
[WhiteElo "1483"]
[BlackElo "1709"]
[PlyCount "98"]
[BlackFideId "24688053"]
[EventCountry "GER"]
[EventRounds "9"]
[EventType "swiss"]
[EventDate "2011.06.11"]

1. d4 d5 2. c4 e6 3. cxd5 exd5 4. Nc3 Nf6 5. Bf4 c6 6. Nf3 Be7 7. e3 O-O 8. Bd3
Nbd7 9. O-O Re8 10. Rb1 a5 11. a3 b5 12. Qc2 Nb6 13. Ne5 Bb7 14. Rbc1 Bd6 15.
Ne2 Rc8 16. Ng3 h6 17. Nf5 Bf8 18. Qb1 Ne4 19. Bxe4 dxe4 20. Qxe4 f6 21. Nxh6+
gxh6 22. Qg6+ Bg7 23. Bxh6 Qe7 24. Nd3 Kh8 25. Rc5 Bxh6 26. Qxh6+ Kg8 27. Rf5
Qg7 28. Rxf6 Qxh6 29. Rxh6 Nc4 30. Nc5 Ba8 31. b3 Nxa3 32. Ra1 b4 33. g4 Kg7
34. Rh5 Rh8 35. Rxh8 Rxh8 36. Kg2 Kg6 37. Kg3 Rh7 38. h4 Bb7 39. e4 Bc8 40. h5+
Kh6 41. f4 Rg7 42. f5 Nc2 43. Rxa5 Nxd4 44. Nd3 Nxb3 45. Re5 Nd4 46. Nxb4 Rb7
47. Na2 Rb3+ 48. Kf2 Rb2+ 49. Ke3 Nc2+ 0-1

[Event "DEM U18w 2011"]
[Site "Oberhof GER"]
[Date "2011.06.17"]
[Round "8"]
[White "Garny, Annica"]
[Black "Beier, Nina"]
[Result "1/2-1/2"]
[Termination "normal"]
[Board "10"]
[WhiteElo "1783"]
[BlackElo "1521"]
[PlyCount "53"]
[WhiteFideId "24600660"]
[BlackFideId "24660434"]
[EventCountry "GER"]
[EventRounds "9"]
[EventType "swiss"]
[EventDate "2011.06.11"]

1. e4 e6 2. d4 d5 3. Nd2 Nf6 4. e5 Nfd7 5. Bd3 b6 6. Ngf3 Ba6 7. Qe2 Bxd3 8.
Qxd3 c5 9. Qe2 cxd4 10. Nxd4 Qg5 11. N2f3 Qg6 12. Nh4 Qe4 13. Nhf3 Bc5 14. Nb3
Qxe2+ 15. Kxe2 Nc6 16. Nxc5 Nxc5 17. c3 h6 18. Re1 O-O 19. Be3 Nd7 20. Bd4 Rac8
21. Rac1 Rc7 22. Kf1 Rfc8 23. h3 Nxd4 24. Nxd4 a6 25. f4 Nc5 26. Rcd1 Re8 27.
Kg1 1/2-1/2